Statistics for Countries that lie to the Amazon Rainforest

Click here to take the quiz!

General Stats

  • This quiz has been taken 7 times
  • The average score is 5 of 6

Answer Stats

Answer% Correct
Brazil
100%
Peru
100%
Bolivia
86%
Colombia
86%
Venezuela
86%
Uruguay
57%

Score Distribution

Percentile by Number Answered

Percent of People with Each Score

Your Score History

You have not taken this quiz